Catálogo

La red invisible : (Registro nro. 62766)

Detalles MARC
000 -LEADER
fixed length control field 00789nam a2200253 u 4500
001 - CONTROL NUMBER
control field 62766
005 - DATE AND TIME OF LATEST TRANSACTION
control field 20180714064922.0
008 - FIXED-LENGTH DATA ELEMENTS--GENERAL INFORMATION
fixed length control field 150604s2011 sp r 000 0 spa d
020 ## - INTERNATIONAL STANDARD BOOK NUMBER
International Standard Book Number 978-84-493-0313-5
082 0# - DEWEY DECIMAL CLASSIFICATION NUMBER
Classification number 616.89156
Item number WAL
100 1# - MAIN ENTRY--PERSONAL NAME
Personal name Walters, Marianne
Relator term autor
245 13 - TITLE STATEMENT
Title La red invisible :
Remainder of title pautas vinculadas al géneroen las relaciones familiares /
Statement of responsibility, etc. Marianne Walters.
250 ## - EDITION STATEMENT
Edition statement 1ª edición
264 #1 - PRODUCTION, PUBLICATION, DISTRIBUTION, MANUFACTURE, AND COPYRIGHT NOTICE
Place of production, publication, distribution, manufacture España :
Name of producer, publisher, distributor, manufacturer Paidós ;
Date of production, publication, distribution, manufacture, or copyright notice 2011
300 ## - PHYSICAL DESCRIPTION
Extent 457 páginas :
Other physical details ilustraciones ;
Dimensions 2011.
336 ## - CONTENT TYPE
Content type term texto
Source rdacontent
337 ## - MEDIA TYPE
Media type term sin mediación
Source rdamedia
338 ## - CARRIER TYPE
Carrier type term volumen
Source rdacarrier
490 0# - SERIES STATEMENT
Series statement Paidós
Volume/sequential designation 43
700 1# - ADDED ENTRY--PERSONAL NAME
Personal name Carter, Betty.
700 1# - ADDED ENTRY--PERSONAL NAME
Personal name Papp, Peggy.
700 1# - ADDED ENTRY--PERSONAL NAME
Personal name Silverstein, Olga.
700 1# - ADDED ENTRY--PERSONAL NAME
Personal name Vitale, Gloria.
Existencias
Withdrawn status Lost status Source of classification or shelving scheme Damaged status Not for loan Collection code Home library Current library Shelving location Date acquired Source of acquisition Inventory number Total Checkouts Full call number Barcode Date last seen Date last checked out Price effective from Koha item type
    Dewey Decimal Classification     General Biblioteca Karol Wojtyla Biblioteca Karol Wojtyla Sala general 04/06/2015 Compra 151000000000000000008475 1 616.89156 wal 2011 93852 05/01/2026 22/01/2025 04/06/2015 Libro